000 00333nam a2200133Ia 4500
008 231017s9999 xx 000 0 und d
082 _a388.324098
082 _bHAR
245 0 _aNCHRP Report 505: Review of Truck Characteristics as Factors in Roadway Design
245 0 _cTRB
260 _bTRB
300 _c30cm
942 _cREP
999 _c604129
_d604129